000 00550nam a2200205 a 4500
001 22440
003 CO-ViMGA
008 141112s2004 ck r 000 u spa d
020 _a9580429693
040 _aCO-ViMGA
_bspa
_cCO-ViMGA
082 0 4 _a813.5 S74a
100 1 _aStine, R.L.
245 1 0 _aAlejate del sotano
260 _aBogotá :
_bNorma,
_c1997
300 _a119 p.
490 _aEscalofrios
590 _aForma de adquisición : compra - - Precio : 5000 - - Proveedor : Cerlalc
650 1 4 _aCUENTOS DE TERROR
_91077
942 _2ddc
_cBK
999 _c30746
_d30746